| 000 | nam a22 7a 4500 | ||
|---|---|---|---|
| 999 |
_c128740 _d128740 |
||
| 008 | 190108b xxu||||| |||| 00| 0 eng d | ||
| 020 | _a9789956764211 | ||
| 050 |
_aS562.Z55 _bS559 |
||
| 100 |
_aShonde, Toendepi _943872 |
||
| 245 |
_aReconfigured agrarian relations in Zimbabwe _cToendepi Shonde |
||
| 260 |
_aMankon, Bamenda _bLangaa Research and Publishing _c2018 |
||
| 300 |
_axxiv, 332p. ; _c23cm. |
||
| 650 |
_aFarm management _zZimbabwe _943873 |
||
| 942 |
_2lcc _cMONOGRAPH |
||